MARC

LEADER 00000nam0a2200000 4500
001 161772
005 20231031160024.0
020 |a RU  |b 84-50888 
035 |a (RuTPU)RU\TPU\book\175426 
090 |a 161772 
100 |a 20090613d1984 k a0rusy5003 ca 
101 0 |a rus 
102 |a KZ 
105 |a y z 001zy 
200 1 |a Катализаторы и механизмы гидрирования и окисления  |f Я. А. Дорфман  |g Академия наук Казахской ССР (АН КазССР), Институт органического катализа и электрохимии 
210 |a Алма-Ата  |c Наука  |d 1984 
215 |a 352 с.  |c ил. 
320 |a Библиогр.: с. 344-349. 
610 1 |a гидрогенизация 
610 1 |a окисление 
610 1 |a восстановление 
610 1 |a катализ 
610 1 |a координация 
610 1 |a гидрогенолиз 
610 1 |a дегидрирование 
610 1 |a изомеризация 
610 1 |a циклизация 
610 1 |a гидрирование 
675 |a 544.478  |v 3 
700 1 |a Дорфман  |b Я. А.  |g Яков Аврамович  |4 070 
712 0 2 |a Академия наук Казахской ССР (АН КазССР)  |b Институт органического катализа и электрохимии  |2 stltpush  |3 (RuTPU)RU\TPU\col\15443 
801 0 |a RU  |b RuMRKP  |c 19950704  |g psbo 
801 1 |a RU  |b 63413507  |c 20090613  |g PSBO 
801 2 |a RU  |b 63413507  |c 20130807  |g PSBO 
942 |c BK